Capitals of Former Soviet Republics (Clickable) Quiz Stats

 Plays Quiz not verified by Sporcle

Challenge
Share
Tweet
Embed
Score 0/15 Timer 06:00
0 Plays Today
% Correct
Kiev
97.9%
Minsk
97.8%
Moscow
96.9%
Riga
95.8%
Tallinn
94.2%
Vilnius
92.9%
Tbilisi
92.7%
Baku
92%
% Correct
Bishkek
88.7%
Chisinau
87.9%
Tashkent
87.6%
Astana
85.4%
Yerevan
80.7%
Ashgabat
80.6%
Dushanbe
74.9%

You're not logged in!

Compare scores with friends on all Sporcle quizzes.
OR
Log In

You Might Also Like...

Show Comments

Extras

Top Quizzes Today


Score Distribution

Your Account Isn't Verified!

In order to create a playlist on Sporcle, you need to verify the email address you used during registration. Go to your Sporcle Settings to finish the process.

Report this User

Report this user for behavior that violates our Community Guidelines.

Details: